000 00277nam a2200121Ia 4500
008 191201s2014 xx 000 0 und d
100 _aKHANNA, S K
245 0 _aHighway Engineering
260 _aN. Delhi
_bTMH
_c2014
300 _a773
650 _aB.Tech(CE)
942 _2ddc
_cBK
999 _c6078
_d6078